000 00958na a2200289 4500
001 24266
003 MIRAKIL
005 20181213155333.0
008 180905b tu 000 0
020 _a9789751630537
040 _aMilas
_btur
_cTR-AnCHP
041 _atur
082 _a956.101543
_bA41i 2015
090 _a956.101543 A41i 2015
100 _aAkcan, Erol
245 _aİttihat ve Terakki Fırkası'nın paramiliter gençlik kuruluşları
_cErol Akcan
260 _aAnkara
_bTürk Tarih Kurumu
_c2015
300 _axiii, 410 s.
_bres.
_c24 sm.
440 _aAKDTYK Türk Tarih Kurumu yayınları
_vIV/A-2-2.1. dizi-sayı 26
504 _aKaynakça ve dizin var.
650 _aOsmanlı Güç Dernekleri
_xTarih
650 _aİzciler ocağı
_xTarih
650 _aTürk gücü
_xTarih
650 _aOsmanlı İmparatorluğu
_xYönetim ve politikalar
_y19 yy.-20 yy.
650 _aİttihat Terakki Cemiyeti
_xTarih
942 _2dcc
_cBKS
999 _c10782
_d10782